000 00337nam a2200133Ia 4500
008 100328s9999 xx 000 0 und d
082 _b23975
100 _a---
245 _aप्राजक्ता
260 _bजयदीप
630 _aप्राजक्ता
730 _aप्राजक्ता
942 _cBOOK
999 _c517499
_d517496